000 00943nam a22001935i 4500
001 156038
003 ES-MaACL
005 20230906210311.0
008 041112s1891 sp |||| | spa d
040 _aCAM
_bspa
_cCAM
080 _a378.5(460.156 V.)(060.55)
110 2 _aInstituto Provincial de Segunda Enseñanza de Vitoria.
_9134539
245 1 0 _aMemoria acerca del estado del Instituto de Vitoria durante el curso de 1890-1891 /
_cleída por Antonio Pombo y Martínez de Gamarra... en la solemne apertura del año académico de 1891-1892.
260 _aVitoria :
_b[s.n.],
_c1891 (
_fEstablecimiento tipográfico de la Viuda é Hijos de Iturbe)
300 _a56 p. ;
_c23 cm.
610 2 4 _aInstituto Provincial de Segunda Enseñanza de Vitoria-
_xMemorias.
_9145013
700 1 _aPombo y Martínez de Gamarra, Antonio.
_992914
852 _aES-MaACL
_jT-566-F-9
_z-- Enc.hol., conservando la cub. original
_z-- Enc. en un vol. facticio
999 _c156038
_d156038